Formas en español - Statistics

General Stats
  • This quiz has been taken 15 times
  • The average score is 13 of 15
Answer Stats
English Español % Correct
Circle el círculo
100%
Cube el cubo
100%
Hexagon el hexágono
100%
Octagon el octágono
100%
Pentagon el pentágono
100%
Rectangle el rectángulo
100%
Semicircle el semicírculo
100%
Triangle el triángulo
100%
Shape la forma
100%
Cylinder el cilindro
75%
Square el cuadrado
75%
Geometry la geometría
75%
Cone el cono
50%
Oval el óvalo
50%
Pyramid la pirámide
25%
No matching quizzes found
Score Distribution
Percent of People with Each Score
Percentile by Number Answered
Your Score History
You have not taken this quiz